Grécky problém eurozóny
Príspevok je venovaný niektorým aspektom finančnej krízy v Grécku a v južnej Európe, jej príčinám, vývoju, riešeniu a možným dôsledkom pre dané krajiny ako také a pre EU a eurozónu ako celok. Výsledným záverom predloženej analýzy je konštatovanie, že pre uvedené krajiny je celkové riešenie ich probl...
Salvato in:
| Autore principale: | |
|---|---|
| Altri autori: | |
| Natura: | Capitolo di libro |
| Lingua: | slovacco |
| Soggetti: | |
| Tags: |
Nessun Tag, puoi essere il primo ad aggiungerne!!
|
MARC
| LEADER | 00000nla$a2200000$$$4500 | ||
|---|---|---|---|
| 001 | 0113594 | ||
| 005 | 20240502072249.2 | ||
| 041 | 0 | |a slo | |
| 044 | |a SK | ||
| 245 | 1 | 0 | |a Grécky problém eurozóny |c Boris Šturc, Libuša Čurlejová |
| 520 | |a Príspevok je venovaný niektorým aspektom finančnej krízy v Grécku a v južnej Európe, jej príčinám, vývoju, riešeniu a možným dôsledkom pre dané krajiny ako také a pre EU a eurozónu ako celok. Výsledným záverom predloženej analýzy je konštatovanie, že pre uvedené krajiny je celkové riešenie ich problémov možné v strednodobom časovom horizonte. | ||
| 610 | 2 | 0 | |a kríza finančná |
| 610 | 2 | 0 | |a Európska únia |
| 610 | 2 | 0 | |a Grécko |
| 610 | 2 | 0 | |a dlhy štátne |
| 610 | 2 | 0 | |a úver štátny |
| 100 | 1 | |a Šturc, Boris, 1961- | |
| 700 | 1 | |a Čurlejová, Libuša | |